00945cam a2200265 a 450000100100000000500170001000800410002702000150006804000230008308200170010624500820012326000310020530000300023650000230026665000310028965100490032070000260036970000310039570000260042670000260045270000320047891000340051095201200054499900150066400000313720200929150335.0791025t19801980nyu b 001 0 eng  a039395112X aDO-SdBNPcDLCdDLC a810.8bG685n04aThe norton anthology of american literature /cRonald Gottesman ... [et al.]. aNew York :bNorton,c1980. axxviii, 1955 p. ;c22 cm. aEdición reducida 4aLiteratura americana99896 4aEstados UnidosxColecciones Literarias998971 aMurphy, Francis998981 aHolland, Laurence B.998991 aParker, Hershel999001 aKalstone, David999011 aPritchard, William H.99902 aCatalogación por copia / LC 001052708MOaGRbGRcCTd2009-07-06iLF1l0o810.8 G685np3137-10r2020-06-25w2020-06-25y2ZPréstamo interno c2968d2968